| 000 | 00758cam a2200253 4500 | ||
|---|---|---|---|
| 001 | J105259 | ||
| 008 | 000000n2000 000 0 eng u | ||
| 035 | _a(Sirsi) u105259 | ||
| 050 | _a725.23 | ||
| 110 |
_aGerald Eve _9151 |
||
| 245 | _aOvercrowded, under-utilised or just right? A study of office occupational densities in the UK | ||
| 260 |
_aLondon _bRICS Research Foundation _c2000 |
||
| 300 | _a31p. ; 30cm | ||
| 350 | _a25.00 | ||
| 650 | _aBENCHMARKING | ||
| 650 | _aOFFICE DESIGN | ||
| 650 | _aOFFICE SPACE | ||
| 650 | _aOFFICES | ||
| 650 | _aWORKING PATTERNS | ||
| 650 | _aBUSINESS PREMISES | ||
| 690 | _aPROPERTY-COMMERCIAL PROPERTY | ||
| 710 |
_aRoyal Institution of Chartered Surveyors _bResearch Foundation _93861 |
||
| 942 | _n0 | ||
| 999 |
_c100342 _d100342 |
||